Výnosnosť a riziko
Pokračovanie príspevku z predchádzajúceho čísla o analýze vybraných akcií z hľadiska ich rozdelenia výnosností a rizika.
Salvato in:
| Autore principale: | |
|---|---|
| Natura: | Capitolo di libro |
| Lingua: | slovacco |
| Soggetti: | |
| Tags: |
Nessun Tag, puoi essere il primo ad aggiungerne!!
|
MARC
| LEADER | 00000nla$a2200000$$$4500 | ||
|---|---|---|---|
| 001 | 0095756 | ||
| 005 | 20231121082155.7 | ||
| 041 | 0 | |a slo | |
| 044 | |a SK | ||
| 245 | 1 | 0 | |a Výnosnosť a riziko |c Štefan Činčura |
| 520 | |a Pokračovanie príspevku z predchádzajúceho čísla o analýze vybraných akcií z hľadiska ich rozdelenia výnosností a rizika. | ||
| 610 | 2 | 0 | |a portfólio |
| 610 | 2 | 0 | |a riziko bankové |
| 610 | 2 | 0 | |a trh finančný |
| 610 | 2 | 0 | |a akcie |
| 610 | 2 | 0 | |a korelácia |
| 100 | 1 | |a Činčura, Štefan | |